UM Logo

Laro sa lansangan / (Record no. 23054)

MARC details
000 -LEADER
fixed length control field 00586nam a22001697a 4500
003 - CONTROL NUMBER IDENTIFIER
control field OSt
005 - DATE AND TIME OF LATEST TRANSACTION
control field 20241221112416.0
008 - FIXED-LENGTH DATA ELEMENTS--GENERAL INFORMATION
fixed length control field 241106b |||||||| |||| 00| 0 eng d
040 ## - CATALOGING SOURCE
Transcribing agency 0
082 ## - DEWEY DECIMAL CLASSIFICATION NUMBER
Classification number DPer050 M72 January-March 2018 v. 66 no. 8-10
100 ## - MAIN ENTRY--PERSONAL NAME
Personal name Canonizado, Isagani Costales.
Relator term author.
9 (RLIN) 63708
245 ## - TITLE STATEMENT
Title Laro sa lansangan /
Statement of responsibility, etc. Isagani Costales Canonizado.
260 ## - PUBLICATION, DISTRIBUTION, ETC. (IMPRINT)
Place of publication, distribution, etc. Philippines;
Name of publisher, distributor, etc. Publishers Association of the Philippines, Inc.,
Date of publication, distribution, etc. January 2019.
300 ## - PHYSICAL DESCRIPTION
Extent Volume 66, page 312,
Other physical details illustration
700 ## - ADDED ENTRY--PERSONAL NAME
Personal name Canonizado, Isagani Costales
9 (RLIN) 28842
942 ## - ADDED ENTRY ELEMENTS (KOHA)
Source of classification or shelving scheme Dewey Decimal Classification
Koha item type Periodicals
Holdings
Withdrawn status Lost status Source of classification or shelving scheme Damaged status Not for loan Collection code Home library Current library Date acquired Total Checkouts Full call number Date last seen Price effective from Koha item type Public note
    Dewey Decimal Classification     Periodicals UM Digos College - LIC UM Digos College - LIC 11/06/2024   DPer050 M72 January-March 2018 v. 66 no. 8-10 11/06/2024 11/06/2024 Periodicals Periodical Article